| Tag |
First Indicator |
Second Indicator |
Subfields |
| LEADER |
00000cam a2200000 a 4500 |
| 001 |
in00000027968 |
| 005 |
20220103115022.0 |
| 007 |
cr unu a |
| 008 |
870616s1987 txu 00010 eng d |
| 035 |
|
|
|9 AAB5915AM
|
| 035 |
|
|
|a (OCoLC)15986101
|
| 040 |
|
|
|a SCA
|c SCA
|d TXA
|d UtOrBLW
|
| 049 |
|
|
|a TXAZ [Also in] [Archives]
|c 1 [A10995123], 2 [A10995173]
|
| 050 |
|
4 |
|a QC885.2.L45
|b D48
|
| 099 |
|
|
|a 1987
|a Thesis
|a L162
|
| 100 |
1 |
|
|a LaFebre, Robert Donald,
|d 1952-
|
| 245 |
1 |
4 |
|a The development of an objective weather typing scheme /
|c by Robert Donald LaFebre.
|
| 264 |
|
1 |
|a [Place of publication not identified] :
|b [publisher not identified] ;
|c 1987.
|
| 300 |
|
|
|a ix, 148 leaves ;
|c 29 cm.
|
| 336 |
|
|
|a text
|b txt
|2 rdacontent
|
| 337 |
|
|
|a computer
|b c
|2 rdamedia
|
| 338 |
|
|
|a online resource
|b cr
|2 rdacarrier
|
| 500 |
|
|
|a "Major subject: Meteorology."
|
| 500 |
|
|
|a Typescript (photocopy).
|
| 500 |
|
|
|a Vita.
|
| 502 |
|
|
|b M.S.
|c Texas A&M University
|d 1987.
|
| 504 |
|
|
|a Bibliography: leaves 131-134.
|
| 530 |
|
|
|a Also available online.
|
| 650 |
|
0 |
|a Climatic classification.
|
| 650 |
|
0 |
|a Climatology.
|
| 650 |
|
0 |
|a Synoptic meteorology.
|
| 650 |
|
4 |
|a Major meteorology.
|
| 856 |
4 |
1 |
|u https://hdl.handle.net/1969.1/ETD-TAMU-1987-THESIS-L162
|z Link to OAKTrust copy
|t 0
|
| 999 |
|
|
|a MARS
|
| 999 |
f |
f |
|s ff1e84a9-1cd3-3af3-bc5d-c9dd2998f88b
|i ecaf6c21-c74a-33bc-9e62-8065c5a4a516
|t 0
|
| 952 |
f |
f |
|p noncirc
|a Texas A&M University
|b J.J. Pickle Campus
|c High Density Repository
|s HDR
|d Remote Storage
|t 0
|e 1987 Thesis L162
|h Other scheme
|i computer -- online resource
|m A14839626903
|
| 952 |
f |
f |
|a Texas A&M University
|b College Station
|c Electronic Resources
|s www_evans
|d Available Online
|t 0
|e 1987 Thesis L162
|h Other scheme
|
| 998 |
f |
f |
|a 1987 Thesis L162
|t 0
|l Remote Storage
|
| 998 |
f |
f |
|a 1987 Thesis L162
|t 0
|l Available Online
|